Duggar Family - Statistics

General Stats
  • This quiz has been taken 176 times
    52 since last reset
  • The average score is 82 of 136
Answer Stats
Hint First Name Middle Names Last Name Maiden name % Correct
Spouse Anna
100%
Duggar
100%
Father James Robert Duggar
100%
14th child James Andrew Duggar
100%
Jo
100%
1st child Joshua
100%
9th child Joy Anna Forsyth Duggar
100%
Mother Michelle
100%
Robert
100%
Spouse Abbie
80%
Andrew
80%
Spouse Austin Martyn Forsyth
80%
Spouse Benjamin Michael Seewald
80%
Spouse Claire Yvonne Duggar Spivey
80%
Spouse Derick
80%
Their child Emery Jane Duggar
80%
Their child Emma Kate Duggar
80%
Their child Evangeline Jo Vuolo
80%
Their child Felicity Nicole Vuolo
80%
Forsyth
80%
Their child Gideon Martyn Forsyth
80%
Spouse Hannah Marlys Duggar Wissmann
80%
Their child Henry Wilberforce Seewald
80%
Their child Israel
80%
Their child Ivy Jane Seewald
80%
2nd child Jana
80%
12th child Jason Michael Duggar
80%
10th child Jedidiah Robert Duggar
80%
17th child Jennifer Danielle Duggar
80%
11th child Jeremiah Robert Duggar
80%
Spouse Jeremy Joseph Vuolo
80%
5th child Jessa
80%
4th child Jill
80%
6th child Jinger Nicole Vuolo Duggar
80%
16th child Johannah Faith Duggar
80%
3rd child John David
80%
18th child Jordyn-Grace Makiya Duggar
80%
Joseph
80%
7th child Joseph Garrett Duggar
80%
19th child Josie Brooklyn Duggar
80%
Keller
80%
Spouse Kendra Renee Duggar Caldwell
80%
Lauren
80%
Their child Mackynzie
80%
Spouse Madison Grace Duggar Jones
80%
Their child Madyson
80%
Their child Marcus
80%
Marie
80%
Their child Maryella
80%
Their child Mason
80%
Their child Michael
80%
Their child Samuel
80%
Seewald
80%
Spivey
80%
Their child Spurgeon Elliot Seewald
80%
Spouse Stephen
80%
Wissmann
80%
Annette
60%
Their child* Asa Duggar
60%
Their child Bella Milagro Duggar
60%
Bliss
60%
Dillard
60%
Their child Edward Owen Seewald
60%
Their child Elsie Kate Duggar
60%
Their child Evelyn Mae Forsyth
60%
Their child Ezra Duggar
60%
Faith
60%
Their child Fern Elliana Seewald
60%
Their child Finnegan
60%
Their child Frederick
60%
Garrett
60%
Their child George Augustine Seewald
60%
Grace
60%
Their child Gunner James Forsyth
60%
Hope
60%
15th child Jackson Levi Duggar
60%
8th child Josiah Matthew Duggar
60%
Jubilee Shalom Duggar
60%
13th child Justin Samuel Duggar
60%
Kate
60%
Spouse Katelyn Koryn Duggar Nakatsu
60%
Spouse Milagro
60%
Nicole
60%
Renee
60%
Their child* River
60%
Ruark
60%
Swanson
60%
Adopted child Tyler Wayne Hutchins
60%
Vuolo
60%
Their child Addison Renee Duggar
40%
Their child* Annabell Elise Forsyth
40%
Anthony
40%
Their child Archie
40%
Augustine
40%
Their child Brielle Grace Duggar
40%
Their child Brooklyn Praise Duggar
40%
Their child Brynley Noelle Duggar
40%
Burnett
40%
Caldwell
40%
Caleb
40%
Their child Charles
40%
Their child Daisy Duggar
40%
Danielle
40%
David
40%
Elliana
40%
Elliot
40%
Their child* Isla
40%
Jane
40%
Their children Justus Duggar
40%
Levi
40%
Makiya
40%
Matthew
40%
Their children Meredith
40%
Nakatsu
40%
Their child Nora Kate Duggar
40%
Owen
40%
Shalom
40%
Their child Truett Oliver Duggar
40%
Wilberforce
40%
Elise
20%
Gerald
20%
Their child* Halleli Grace Vuolo
20%
Hutchins
20%
Jones
20%
Koryn
20%
Lily
20%
Mae
20%
Marlys
20%
Martyn
20%
Noelle
20%
Oliver
20%
Praise
20%
Ryan
20%
Scott
20%
Wayne
20%
Yvonne
20%
No matching quizzes found
Score Distribution
Percent of People with Each Score
Percentile by Number Answered
Your Score History
You have not taken this quiz since the last reset